Fictional Places A-Z - Statistics

General Stats
  • This quiz has been taken 55 times
  • The average score is 8 of 26
Answer Stats
Hint Answer % Correct
Home of Peter Pan and the Lost Boys (N) Neverland
88%
World inside of a board game (J) Jumanji
85%
Home of Bruce Wayne (G) Gotham
75%
World ruled by the Queen of Hearts (W) Wonderland
65%
Where the Flintstone family live (B) Bedrock
63%
Island featured in Gulliver's Travels (L) Lilliput
55%
City Family Guy is set in (Q) Quahog
55%
The city of gold (E) El Dorado
53%
City rock band Guns 'N Roses Sang About (P) Paradise City
40%
Kubla Khan's capital (X) Xanadu
38%
Town featured in the David Lynch TV series (T) Twin Peaks
35%
Kingdom featured in Disney's Frozen (A) Arendelle
30%
City featured in the Grand Theft Auto video game franchise (V) Vice City
28%
Home kingdom of House Martell in Game of Thrones (D) Dorne
25%
Town where Stranger Things is set Hawkins
23%
Home planet of the Mandalorian (M) Mandalore
23%
City featured in The Matrix franchise (Z) Zion
20%
Town created by Stephen King, first featured in The Dead Zone (C) Castle Rock
18%
City featured in Resident Evil (R) Racoon City
13%
Home of The Jetsons (O) Orbit City
8%
Small town featured in Alfred Hitchcock's Psycho (F) Fairvale
3%
Home planet of the Dalek race in Doctor Who (S) Skaro
3%
Idealist society created by Thomas More (U) Uptopia
3%
The land of the Nephilim in The Mortal Instruments series (I) Idris
0%
Home planet of Superman (K) Krytpon
0%
Features in the Runscape game (Y) Yanille
0%
No matching quizzes found
Score Distribution
Percent of People with Each Score
Percentile by Number Answered
Your Score History
You have not taken this quiz